La voz perdida de alfreda /
Guardado en:
| Autor Principal: | |
|---|---|
| Formato: | Libro |
| Publicado: |
Madrid :
Sm,
1998
|
| Series: | El barco de vapor ;
73 |
| Materias: | |
| Etiquetas: |
Agregar Etiqueta
Sin Etiquetas, Sea el primero en etiquetar este registro!
|
| LEADER | 00974nam a22003015a 4500 | ||
|---|---|---|---|
| 001 | CEM.cems018510 | ||
| 008 | 130507s1998##################000#0#####d | ||
| 005 | 20221026111238.0 | ||
| 245 | 1 | 0 | |a La voz perdida de alfreda / |c Jerome Fletcher |
| 260 | |a Madrid : |b Sm, |c 1998 | ||
| 300 | |a 184 p. | ||
| 490 | 0 | |a El barco de vapor ; |v 73 | |
| 500 | |a A partir de 9 años. | ||
| 020 | |a 8434836653 | ||
| 100 | 1 | |a Fletcher, Jerome | |
| 082 | 0 | 4 | |a 823.9 |
| 653 | |a Literatura | ||
| 653 | |a Literatura inglesa | ||
| 653 | |a Narrativa | ||
| 653 | |a Narrativa inglesa | ||
| 653 | |a Literatura juvenil | ||
| 653 | |a Novelas | ||
| 653 | |a Novela inglesa | ||
| 653 | |a Novela juvenil | ||
| 859 | |a CEMS |b BIB. CEMS - Inicial y Primaria |h 823.9 |i F632 |k IP |p 1934 |t Ej.1 | ||
| 859 | |a CEMS |b BIB. CEMS - Agricultura |h 823.9 |i F632 |p A2190.14 |t Ej.1 | ||
| 859 | |a CEMS |b BIB. CEMS - Inicial y Primaria |h 863 |i F632 |k IP |p 1935 |t Ej.2 | ||
| 859 | |a CEMS |b BIB. CEMS - Inicial y Primaria |h 863 |i F632 |k IP |p 1936 |t Ej.3 | ||
